Use of the additive main effects and multiplicative interaction model in QTL mapping for adaptation in barley (Record no. 71972)

MARC details
000 -LEADER
fixed length control field 00588nam a2200193Ia 4500
100 ## - MAIN ENTRY--AUTHOR NAME
Personal name Romagosa
245 #0 - TITLE STATEMENT
Title Use of the additive main effects and multiplicative interaction model in QTL mapping for adaptation in barley
260 ## - PUBLICATION, DISTRIBUTION, ETC. (IMPRINT)
Name of publisher Theoretical and Applied Genetics
Year of publication 1996
300 ## - PHYSICAL DESCRIPTION
Number of Pages 30-37
650 ## - SUBJECT ADDED ENTRY--TOPICAL TERM
Topical Term Genotype x environment interaction
650 ## - SUBJECT ADDED ENTRY--TOPICAL TERM
Topical Term Hordeum vulgare
650 ## - SUBJECT ADDED ENTRY--TOPICAL TERM
Topical Term Molecular marker-assisted selection
650 ## - SUBJECT ADDED ENTRY--TOPICAL TERM
Topical Term QTL
700 ## - ADDED ENTRY--PERSONAL NAME
Personal name Han F
700 ## - ADDED ENTRY--PERSONAL NAME
Personal name Hayes P M
700 ## - ADDED ENTRY--PERSONAL NAME
Personal name Ullrich S E
942 ## - ADDED ENTRY ELEMENTS (KOHA)
Koha item type Journals
100 ## - MAIN ENTRY--AUTHOR NAME
--
Holdings
Withdrawn status Lost status Damaged status Not for loan Home library Current library Shelving location Date acquired Serial Enumeration / chronology Koha item type
      Journals RRII Library RRII Library QTL 17/12/2021 Volume 93, Issue 02-Jan Journals